Statistics for Guess the European countries from their scrambled capital

Click here to take the quiz!

General Stats

  • This quiz has been taken 309 times
  • The average score is 8 of 10

Answer Stats

HintAnswer% Correct
MoreItaly
98%
SoloNorway
98%
SpairFrance
93%
AfiosBulgaria
91%
RaddimSpain
88%
ElinkishFinland
75%
UnivilsLithuania
74%
MarmestadNetherlands
74%
NaraitAlbania
68%
GenoncheapDenmark
57%

Score Distribution

Percentile by Number Answered

Percent of People with Each Score

Your Score History

You have not taken this quiz